Vince McMahon's WrestleMania Opponents - Statistics

General Stats
  • This quiz has been taken 121 times
  • The average score is 4 of 5
Answer Stats
WrestleMania Opponent % Correct
WrestleMania 22 Shawn Michaels
88%
WrestleMania X-7 Shane McMahon
86%
WrestleMania 38 Pat McAfee
84%
WrestleMania XXVI Bret Hart
78%
WrestleMania XIX Hulk Hogan
73%
No matching quizzes found
Score Distribution
Percent of People with Each Score
Percentile by Number Answered
Your Score History
You have not taken this quiz